| 000 | 00790nam a2200217 a 4500 | ||
|---|---|---|---|
| 005 | 20140412111316.0 | ||
| 008 | 001218s19uu xx 00 eng d | ||
| 020 | _a0-679-83611-X | ||
| 050 |
_aER _bBe35Fe 1993 |
||
| 100 | _aBerenstain, Stan | ||
| 245 |
_aBerenstain Bears (The) : _cStan & Jan Berenstain. _band the Female fullback / |
||
| 260 |
_aNew York : _bRandom House, _c1993. |
||
| 300 | _a102 p. ; ill. | ||
| 440 | _aA Big Chapter Book | ||
| 520 | _aBothered by the fact that boys and girls are treated differently in the extracurricular activities at Bear Country School, Queenie McBear decides to get some changes made. | ||
| 650 | _aSex role -- Fiction | ||
| 650 | _aSchools -- Fiction | ||
| 650 | _aFootball -- Fiction | ||
| 650 | _aBears -- Fiction | ||
| 999 |
_c104244 _d104244 |
||